000 00992nam a22002297a 4500
999 _c1887
_d1887
003 AR-CdUCM
008 190228b ||||| |||| 00| 0 spa d
020 _a9972421872
040 _aMUNICIPALIDAD PROVINCIAL DEL CUSCO
_cBIBLIOTECA MUNICIPAL DEL CUSCO
082 _a378.10985 /
_bL49
100 _aLerner Febres, Salomón
_96914
245 _aReflexiones en torno a la universidad /
260 _aLima :
_bPUCP,
_bGráfica Biblos,
_c2000.
300 _a79 páginas ;
_c21 cm.
500 _aPontificia Universidad Católica del Perú.
505 _aContenido: Naturaleza de la Universidad -- El contexto actual y la dimensión ética de la crisis de la Universidad -- Universidad y ciencia -- Educación y ciencia en una Universidad Católica -- Compromiso de la Pontificia Universidad Católica del Perú con el país y la Iglesia.
650 _aUniversidades
_92151
650 _aPerú
_935
650 _aPolítica y educación superior
_96915
942 _2ddc
_cLIBROS
945 _aachl